LEADER 00627nam a2200169 i 4500 001 000000200355 003 CaOOAMICUS 005 20110408000000.0 008 110408s1923 it u000 u fre u 013 $a179053 040 $aSeMil$bita 245 10$aHuitième Série. 300 $a408 p. :$bill., [16] p. di tav. 773 0 $aFabre, Jean-Henri <1823-1915>$tSouvenirs entomologiques.$bédition définitive illustrée.$dParis : Delagrave, 1914-1924.$w()24701 850 $aSeMil 852 $aSeMil$W1$xVenegono$y1$m3XI III 26$j150884$B150884$CSeMilBibl$Z2$F162197 $81 996 $6245$aHuitième Série$9(OLS)http://semarc/title/289731 LEADER 00578nab a2200145 i 4500 001 000000270383 003 CaOOAMICUS 005 20090204000000.0 008 090204n xx uu u0 0und r 013 $a16833 040 $aSeMil$bita 245 13$aIl bello della fede :$barte sacra nel sud del mondo. - 82 p. - Titolo principale dalla copertina. 500 $aFEBBRAIO 2009. 773 0 $t[2009 : Gennaio-Maggio].$dMilano : PIMEdit, 2009.$w()177521 996 $6245$aIl bello della fede :$barte sacra nel sud del mondo. - 82 p. - Titolo principale dalla copertina.$9(OLS)http://semarc/title/359479